<?xml version="1.0" encoding="UTF-8"?>
<collection xmlns="http://www.loc.gov/MARC21/slim">
 <record>
  <leader>01351nam a22002537a 4500</leader>
  <controlfield tag="001">NCT_4_023556</controlfield>
  <controlfield tag="008">250630b        xxu||||| |||| 00| 0 vie d</controlfield>
  <datafield tag="999" ind1=" " ind2=" ">
   <subfield code="c">9157</subfield>
   <subfield code="d">9157</subfield>
  </datafield>
  <datafield tag="020" ind1=" " ind2=" ">
   <subfield code="a">9786048273224</subfield>
   <subfield code="c">109000</subfield>
  </datafield>
  <datafield tag="082" ind1="0" ind2="4">
   <subfield code="2">23rd ed.</subfield>
   <subfield code="a">526.3</subfield>
   <subfield code="b">S105/T.2</subfield>
  </datafield>
  <datafield tag="100" ind1="1" ind2=" ">
   <subfield code="a">Nguyễn Trọng San</subfield>
  </datafield>
  <datafield tag="245" ind1="1" ind2="0">
   <subfield code="a">Trắc địa cơ sở </subfield>
   <subfield code="n">Tập 2</subfield>
   <subfield code="c">Nguyễn Trọng San, Đào Quang Hiếu, Đinh Công Hòa</subfield>
  </datafield>
  <datafield tag="250" ind1=" " ind2=" ">
   <subfield code="a">Tái bản</subfield>
  </datafield>
  <datafield tag="260" ind1=" " ind2=" ">
   <subfield code="a">H.</subfield>
   <subfield code="b">Xây dựng</subfield>
   <subfield code="c">2023</subfield>
  </datafield>
  <datafield tag="300" ind1=" " ind2=" ">
   <subfield code="a">261 tr.</subfield>
   <subfield code="b">minh họa</subfield>
   <subfield code="c">27 cm</subfield>
  </datafield>
  <datafield tag="500" ind1=" " ind2=" ">
   <subfield code="a">ĐTTS ghi: Trường Đại học Mỏ địa chất</subfield>
  </datafield>
  <datafield tag="520" ind1="3" ind2=" ">
   <subfield code="a">Cung cấp kiến thức chung về trắc địa, thiết bị và phương pháp đo các đại lượng cơ bản trong trắc địa và phương pháp thành lập và sử dụng bản đồ địa hình. </subfield>
  </datafield>
  <datafield tag="653" ind1=" " ind2=" ">
   <subfield code="a">Xây dựng</subfield>
  </datafield>
  <datafield tag="700" ind1="1" ind2=" ">
   <subfield code="a">Đinh Công Hoà</subfield>
  </datafield>
  <datafield tag="700" ind1="1" ind2=" ">
   <subfield code="a">Đào Quang Hiếu</subfield>
  </datafield>
  <datafield tag="942" ind1=" " ind2=" ">
   <subfield code="2">ddc</subfield>
   <subfield code="c">BK</subfield>
  </datafield>
  <datafield tag="952" ind1=" " ind2=" ">
   <subfield code="0">0</subfield>
   <subfield code="1">0</subfield>
   <subfield code="2">ddc</subfield>
   <subfield code="4">0</subfield>
   <subfield code="6">526_300000000000000_S105_T_2</subfield>
   <subfield code="7">0</subfield>
   <subfield code="9">31023</subfield>
   <subfield code="a">000001</subfield>
   <subfield code="b">000001</subfield>
   <subfield code="d">2025-06-30</subfield>
   <subfield code="o">526.3 S105/T.2</subfield>
   <subfield code="p">MD.24107</subfield>
   <subfield code="r">2025-06-30</subfield>
   <subfield code="v">109000.00</subfield>
   <subfield code="w">2025-06-30</subfield>
   <subfield code="y">BK</subfield>
  </datafield>
  <datafield tag="952" ind1=" " ind2=" ">
   <subfield code="0">0</subfield>
   <subfield code="1">0</subfield>
   <subfield code="2">ddc</subfield>
   <subfield code="4">0</subfield>
   <subfield code="6">526_300000000000000_S105_T_2</subfield>
   <subfield code="7">0</subfield>
   <subfield code="9">31024</subfield>
   <subfield code="a">000001</subfield>
   <subfield code="b">000001</subfield>
   <subfield code="d">2025-06-30</subfield>
   <subfield code="o">526.3 S105/T.2</subfield>
   <subfield code="p">MD.24108</subfield>
   <subfield code="r">2025-06-30</subfield>
   <subfield code="v">109000.00</subfield>
   <subfield code="w">2025-06-30</subfield>
   <subfield code="y">BK</subfield>
  </datafield>
  <datafield tag="980" ind1=" " ind2=" ">
   <subfield code="a">Thư viện Trường Đại học Nam Cần Thơ</subfield>
  </datafield>
 </record>
</collection>
